Statistics for New Hampshire Trivia

Click here to take the quiz!

General Stats

  • This quiz has been taken 222 times
    (27 since last reset)
  • The average score is 9 of 18

Answer Stats

HintAnswer% Correct
Tallest PeakMount Washington
96%
Largest City/Town (Population)Manchester
92%
State MottoLive Free or Die
85%
Only President From New HampshireFranklin Pierce
81%
Only Ivy League SchoolDartmouth College
77%
River Between New Hampshire and VermontConnecticut River
69%
Popular Beach Along the StripHampton Beach
69%
Oldest Continuously Used US Naval Shipyard in the AmericaPortsmouth Naval Shipyard
69%
Largest LakeLake Winnipesaukee
65%
Current GovernorChris Sununu
62%
City/Town of the University of New Hampshire Main CampusDurham
46%
The Treaty of Portsmouth ended this war in 1905Russo-Japanese War
35%
Largest City/Town (Land Area)Pittsburg
31%
Largest EstuaryGreat Bay
15%
Town With First Presidental Primary in NationHart's Location
12%
Scenic Highway that Runs through White Mountain National ParkKancamagus Highway
12%
Southern-Most City/TownPelham
12%
Bridge on Rt-1 that Crosses into MaineMemorial Bridge
4%

Score Distribution

Percentile by Number Answered

Percent of People with Each Score

Your Score History

You have not taken this quiz since the last reset